Statistiken für Rekordspieler der DFB-Elf

Klicken Sie hier um das Quiz zu spielen!

Allgemein

  • Dieses Quiz wurde 400 mal gespielt
    (344 seit der letzten Aktualisierung)
  • Das Durchschnittsergebnis liegt bei 8 aus 15

Antwortstatistiken

ZeitraumSpieleSpieler% Korrekt
1980 - 2000150Lothar Matthäus
94%
2004 - 2014113Philipp Lahm
91%
2001 - 2014137Miroslav Klose
90%
2004 - 2016121Bastian Schweinsteiger
89%
2010 - 2018100Thomas Müller
89%
2004 - 2017130Lukas Podolski
83%
1965 - 1977103Franz Beckenbauer
80%
2004 - 2014104Per Mertesacker
63%
1987 - 1998108Jürgen Klinsmann
61%
1986 - 1998105Jürgen Kohler
34%
1988 - 2000101Thomas Häßler
27%
1985 - 2000100Ulf Kirsten
19%
1969 - 1984105Joachim Streich
11%
1969 - 1985105Dixie Dörner
9%
1967 - 1981102Jürgen Croy
2%

Verteilung der Resultate

Perzentil nach korrekt beantworteten Fragen

Anzahl Personen mit jedem Resultat

Ihre Resultats-Entwicklung

Sie haben dieses Quiz seit der letzten Aktualisierung nicht gespielt